(Ne)obyčejný kluk /

Hlavní autor: Palacio, R. J.
Jazyk: Čeština
Vydáno: Praha : Knižní klub, 2013
Vydání: Vyd. 1.
Témata:
Fyzický popis: 319 s. : il. ; 21 cm
Knihy
Uloženo v:
LEADER 01565nam a2200457 a 4500
001 nkc20132458011
003 CZ PrNK
005 20131203065143.0
007 ta
008 130425s2013 xr a c 000 f cze
015 |a cnb002458011 
020 |a 978-80-242-4035-0  |q (váz.) 
035 |a (OCoLC)859737160 
040 |a OLA001  |b cze 
041 1 |a cze  |h eng 
072 7 |a 821.111(73)-3  |x Americká próza  |2 Konspekt  |9 25 
072 7 |a 821-93  |x Literatura pro děti a mládež (beletrie)  |2 Konspekt  |9 26 
080 |a 821.111(73)-31  |2 MRF 
080 |a 821-93  |2 MRF 
080 |a (0:82-31)  |2 MRF 
100 1 |a Palacio, R. J.  |7 xx0174935  |4 aut 
245 1 0 |a (Ne)obyčejný kluk /  |c R.J. Palaciová ; [přeložila Renata Greplová] 
246 3 |a Neobyčejný kluk 
246 3 |a Obyčejný kluk 
250 |a Vyd. 1. 
260 |a Praha :  |b Knižní klub,  |c 2013 
300 |a 319 s. :  |b il. ;  |c 21 cm 
500 |a Přeloženo z angličtiny 
655 7 |a americké romány  |7 fd131796  |2 czenas 
655 7 |a publikace pro děti  |7 fd133156  |2 czenas 
655 9 |a American fiction  |2 eczenas 
655 9 |a children's literature  |2 eczenas 
740 0 2 |a Auggie - (ne)obyčejný kluk 
765 0 |t Wonder  |9 Česky 
910 2 |a BOA001  |b 2-1310.650 
928 9 |a Euromedia Group - Knižní klub 
990 |a BK 
995 |a 01 
991 |b 201309  |e db 
996 6 |b 2610563005  |c 2-1310.650  |l MZK  |r Sklad / do 1 hodiny  |n 5  |p p.v.  |w 001362931  |u 000010  |a 1  |e BOA001  |j MZK50  |s P 
996 7 |b 2610570908  |c 2-1310.650  |l MZK  |r Sklad / do 1 hodiny  |n 44  |p kup  |w 001362931  |u 000020  |a 1  |e BOA001  |j MZK50  |s A